000 00289nam a2200121Ia 4500
005 20251222143155.0
008 251222s9999||||xx |||||||||||||| ||spa||
082 _a658.870.8/K58
100 _aKiser Rodriguez, Luis
245 0 _aFranquicias:
264 _bNathan Associates
942 _cLIB
999 _c12828
_d12828